Transakcie medzi závislými osobami v rámci európskej spoločnosti a ich oceňovanie

Charakteristika európskej spoločnosti. Možnosti založenia európskej spoločnosti. Oceňovanie transakcií medzi závislými osobami.

Saved in:
Bibliographic Details
Main Author: Ondrušová, Lucia, 1981-
Format: Book Chapter
Language:Slovak
Subjects:
Tags: Add Tag
No Tags, Be the first to tag this record!

MARC

LEADER 00000naa$a2200000$$$4500
001 0160135
005 20240502083354.5
041 0 |a slo 
044 |a CZ 
245 1 0 |a Transakcie medzi závislými osobami v rámci európskej spoločnosti a ich oceňovanie  |c Lucia Ondrušová 
520 |a Charakteristika európskej spoločnosti. Možnosti založenia európskej spoločnosti. Oceňovanie transakcií medzi závislými osobami. 
610 2 0 |a spoločnosti 
610 2 0 |a podnikanie 
610 2 0 |a spoločnosti akciové 
610 2 0 |a spoločnosti dcérske 
610 2 0 |a fúzie 
610 2 0 |a oceňovanie 
610 2 0 |a ceny 
610 2 0 |a náklady 
610 2 0 |a zisk 
610 2 0 |a rozpätie obchodné 
610 2 0 |a osoby závislé 
610 2 0 |a Európa 
610 2 0 |a Európska únia 
100 1 |a Ondrušová, Lucia, 1981-